|
|
|
|
| LEADER |
01108pam a22003498a 4500 |
| 001 |
00039994 |
| 005 |
20171026081025.0 |
| 008 |
170830s2005 ||||||Viesd |
| 041 |
0 |
# |
|a Vie
|
| 082 |
1 |
4 |
|a 378.1
|b T450CH
|
| 245 |
1 |
0 |
|a Tổ chức và quản lý kiểm tra đánh giá trong giáo dục đại học
|b Tài liệu tham khảo
|
| 260 |
# |
# |
|a Đồng Tháp
|c 2005
|
| 300 |
# |
# |
|a 127 tr.
|c 28 cm.
|
| 500 |
# |
# |
|a ĐTTS: Bộ Giáo dục và đào tạo. Trường Đại học sư phạm Đồng Tháp
|
| 653 |
# |
# |
|a Giáo dục
|
| 653 |
# |
# |
|a Đại học
|
| 653 |
# |
# |
|a Tổ chức
|
| 653 |
# |
# |
|a Quản lý
|
| 653 |
# |
# |
|a Kiểm tra đánh giá
|
| 852 |
# |
# |
|j KM.0023103
|j KM.0023106
|j KD.0022320
|j KM.0023105
|j KM.0023107
|
| 852 |
# |
# |
|b Kho đọc
|j KD.0022320
|
| 852 |
# |
# |
|b Kho mượn
|j KM.0023103, KM.0023107, KM.0023105, KM.0023106
|
| 910 |
|
|
|d 30/08/2017
|
| 980 |
# |
# |
|a Trung tâm Học liệu Lê Vũ Hùng, Trường Đại học Đồng Tháp
|